Statistics for Biggest Cities in each Swedish County - Extreme

Click here to take the quiz!

General Stats

  • This quiz has been taken 366 times
  • The average score is 27 of 62

Answer Stats

CountyPopulationCity% Correct
Stockholm1,583,374Stockholm
98%
Skåne317,245Malmö
97%
Västra Götaland599,011Gothenburg
94%
Uppsala160,462Uppsala
82%
Gotland22,593Visby
79%
Östergötland111,267Linköping
78%
Skåne110,520Helsingborg
77%
Västerbotten87,404Umeå
77%
Östergötland96,766Norrköping
75%
Norrbotten44,208Luleå
72%
Skåne92,069Lund
71%
Jönköping96,996Jönköping
70%
Örebro120,650Örebro
70%
Västmanland122,953Västerås
68%
Värmland64,031Karlstad
63%
Norrbotten16,835Kiruna
63%
Kalmar40,007Kalmar
62%
Gävleborg76,761Gävle
58%
Halland70,480Halmstad
56%
Jämtland51,132Östersund
55%
Västernorrland58,477Sundsvall
54%
Kronoberg68,059Växjö
54%
Dalarna38,356Falun
53%
Blekinge37,165Karlskrona
53%
Västra Götaland73,782Borås
50%
Stockholm73,387Södertälje
50%
Södermanland70,729Eskilstuna
49%
Dalarna42,947Borlänge
47%
Norrbotten23,350Piteå
47%
Västerbotten35,775Skellefteå
42%
Västra Götaland49,897Trollhättan
42%
Södermanland33,546Nyköping
41%
Halland35,782Varberg
37%
Blekinge20,387Karlshamn
36%
Halland27,813Falkenberg
34%
Jämtland3,186Åre
33%
Västernorrland33,348Örnsköldsvik
33%
Västmanland18,887Köping
30%
Kalmar18,471Oskarshamn
30%
Östergötland31,385Motala
29%
Blekinge13,082Ronneby
29%
Södermanland24,467Katrineholm
28%
Uppsala23,402Enköping
26%
Gävleborg25,530Sandviken
26%
Örebro27,556Karlskoga
25%
Kalmar21,451Västervik
25%
Västernorrland18,563Härnösand
23%
Gävleborg16,317Hudiksvall
22%
Dalarna15,742Ludvika
22%
Jönköping19,669Värnamo
22%
Värmland18,677Kristinehamn
21%
Jönköping18,377Nässjö
21%
Örebro16,787Kumla
20%
Kronoberg16,152Ljungby
19%
Västmanland13,670Sala
16%
Gotland1,483Slite
15%
Kronoberg10,195Älmhult
11%
Gotland1,715Hemse
11%
Jämtland3,705Strömsund
11%
Västerbotten8,572Lycksele
9%
Uppsala13,417Bålsta
8%
Värmland14,130Skoghall
7%

Score Distribution

Percentile by Number Answered

Percent of People with Each Score

Your Score History

You have not taken this quiz